000 00398pab a2200145 454500
008 180718b xxu||||| |||| 00| 0 eng d
100 _aAnand, P.B.
245 _aIndia's urban housing: theory and policy (Review article)
650 _a Shelter
650 _a Housing
650 _a Housing - Policy
650 _aHousing - Policy - India
773 _aEconomic and Political Weekly
909 _a23047
999 _c23047
_d23047